| Tag |
First Indicator |
Second Indicator |
Subfields |
| LEADER |
00000cam a2200000 a 4500 |
| 001 |
in00001998985 |
| 005 |
20211202202715.0 |
| 008 |
040916s2002 dcuab f000 0 eng d |
| 035 |
|
|
|a (OCoLC)ocm56831098
|
| 040 |
|
|
|a OKX
|c OKX
|d GPO
|d DLC
|d MvI
|d UtOrBLW
|
| 043 |
|
|
|a n-us-ms
|a n-us-fl
|
| 049 |
|
|
|a UDOC
|
| 049 |
|
|
|a WWW
|
| 050 |
|
4 |
|a F296
|b .S437x 2002
|
| 074 |
|
|
|a 0648
|
| 074 |
|
|
|a 0648 (online)
|
| 086 |
0 |
|
|a I 29.2:SE 1
|
| 100 |
1 |
|
|a Merrifield, Susan.
|
| 245 |
1 |
0 |
|a Seashore Patch Program :
|b helping our youth today become stewards of our national treasures tomorrow / [developed by park rangers, Susan Merrifield, Amanda Carrigan Grissom, and Terry Colby ; original art work was provided by Cathy Justis and Lisa Crow].
|
| 246 |
1 |
|
|i Patch at head of title:
|a Gulf Islands National Seashore, Florida and Mississippi
|
| 264 |
|
1 |
|a [Washington, D.C.] :
|b U.S. Dept. of the Interior, National Park Service ;
|a [Ocean Springs, Miss.] ;
|a [Gulf Breeze, Fla.] :
|b Gulf Islands National Seashore, Mississippi and Florida Districts,
|c [2002]
|
| 300 |
|
|
|a 1 volume (unpaged) :
|b illustrations, maps ;
|c 28 cm.
|
| 336 |
|
|
|a text
|b txt
|2 rdacontent
|
| 337 |
|
|
|a unmediated
|b n
|2 rdamedia
|
| 338 |
|
|
|a volume
|b nc
|2 rdacarrier
|
| 500 |
|
|
|a Cover title.
|
| 500 |
|
|
|a Shipping list number: 2004-0265-P.
|
| 500 |
|
|
|a Prelim. ([page 2]) dated: 4/2002.
|
| 500 |
|
|
|a Shipping List Date: 09/14/2004
|
| 520 |
|
|
|a Provides 18 activities for youth and guidelines for youth leader participating in the Seashore Patch Program.
|
| 530 |
|
|
|a Also available via Internet at the NPS web site. Address as of 10/28/04: http://www.nps.gov/guis/extended/Patchpgm/Seashore.pdf; current access available via PURL.
|
| 651 |
|
0 |
|a Gulf Islands National Seashore (Fla. and Miss.)
|
| 650 |
|
0 |
|a Natural areas
|x Study and teaching
|z Florida.
|
| 650 |
|
0 |
|a Natural areas
|x Study and teaching
|z Mississippi.
|
| 650 |
|
0 |
|a National parks and reserves
|x Study and teaching
|z Florida.
|
| 650 |
|
0 |
|a National parks and reserves
|x Study and teaching
|z Mississippi.
|
| 700 |
1 |
|
|a Grissom, Amanda Carrigan.
|
| 700 |
1 |
|
|a Colby, Terry.
|
| 710 |
1 |
|
|a United States.
|b National Park Service.
|
| 856 |
4 |
1 |
|u https://purl.fdlp.gov/GPO/LPS55199
|t 0
|
| 999 |
|
|
|a MARS
|
| 999 |
f |
f |
|s 9924fef2-58ec-3814-8887-80e2e09ed57f
|i 1121b2fb-9879-396b-9611-250e91aa84c5
|t 0
|
| 952 |
f |
f |
|a Texas A&M University
|b College Station
|c Electronic Resources
|d Available Online
|t 0
|e I 29.2:SE 1
|h Superintendent of Documents classification
|
| 998 |
f |
f |
|a I 29.2:SE 1
|t 0
|l Available Online
|